000 01141nam a22002297a 4500
005 20160201114726.0
008 160201b2007 CK ||||| |||| 00| 0 spa d
040 _aCO-BoIAVH
_cCO-BoIAVH
041 _aspa
044 _ack
090 _aLB
_b05899
245 0 0 _aFortalecimiento de la participación comunitaria orientada a la seguridad alimentaria y a la promoción de alternativas socioeconómicas en la zona de Monteloro y Playa Alta, corregimiento de la Sonora, Municipio de Trujillo, Valle del Cauca, por medio de la creación de una escuela campesina de agroecología.
260 _aValle del Cauca:
_bFundación para la conservción de la naturaleza y la vida Fundavi,
_c2008.
300 _a105 páginas
_bfotografías blanco y negro, tablas
500 _aInforme final de investigación -- material disponible para consulta en sala en fotocopia
650 1 4 _aAgroecología
_zValle del Cauca
_zColombia
650 1 4 _aPáramos
_zColombia
651 _aColombia
_zValle del Cauca
_zTrujillo (Municipio)
651 _aColombia
_zMonteloro
651 _aColombia
_zPlaya Alta
942 _2z
_cINFORME
999 _c18065
_d18065